000 00753nam a2200229Ia 4500
001 3868
003 GE_BSU
008 181216s||||||||xx |||||||||||||| ||und||
040 _cGE_BSU
080 _a625.78(075.8)
100 _aФедоров,Н.Ф. Веселов,С.Ф.
245 _aГородские подземные сети и коллекторы.
245 _bУчебник для вузов.
245 _cРед. Н.М.Борщевская, А.М.Шершукова.
260 _aМ.
260 _bСтроийздат.
260 _c1972.
300 _a304 стр. 22 см. 128 список лит.
300 _e58 табл.
653 _aГородские подземные сети и коллекторы.
942 _cBK
999 _c37890
_d37890